| Tag |
First Indicator |
Second Indicator |
Subfields |
| LEADER |
00000cam a2200000 a 4500 |
| 001 |
in00000087785 |
| 005 |
20151008063012.0 |
| 008 |
760811s1975 hu b 00000 engm |
| 010 |
|
|
|a 76364127
|
| 020 |
|
|
|a 9630504847
|
| 035 |
|
|
|a (OCoLC)02439688
|
| 035 |
|
|
|9 AAK1378AM
|
| 040 |
|
|
|a DLC
|c DLC
|d m.c.
|d TXA
|d UtOrBLW
|
| 041 |
1 |
|
|a eng
|a hun
|
| 043 |
|
|
|a e-hu---
|
| 049 |
|
|
|a TXAM
|c [1272548]
|
| 050 |
0 |
0 |
|a HX260.5 A6
|b S77
|
| 082 |
0 |
|
|a 335.43/09439
|
| 245 |
0 |
0 |
|a Studies on the history of the Hungarian Working-Class Movement, 1867-1966 /
|c edited by Henrik Vass ; [translated from the Hungarian by Mrs. Gy. Austin and others].
|
| 264 |
|
1 |
|a Budapest :
|b Akademiai Kiado,
|c 1975.
|
| 300 |
|
|
|a 428 pages ;
|c 25 cm.
|
| 336 |
|
|
|a text
|b txt
|2 rdacontent
|
| 337 |
|
|
|a unmediated
|b n
|2 rdamedia
|
| 338 |
|
|
|a volume
|b nc
|2 rdacarrier
|
| 504 |
|
|
|a Includes bibliographical references.
|
| 650 |
|
0 |
|a Communism
|z Hungary
|x History.
|
| 651 |
|
0 |
|a Hungary
|x Politics and government.
|
| 700 |
1 |
|
|a Vass, Henrik.
|
| 999 |
|
|
|a MARS
|
| 999 |
f |
f |
|s de521ce6-f8c0-3b8a-9408-3f8aa200f238
|i f5107414-38b0-3361-8c11-9a70077d9aa6
|t 0
|
| 952 |
f |
f |
|p ric
|a Texas A&M University
|b Rellis Campus
|c Joint Library Facility
|d Remote Storage
|t 0
|e HX260.5 A6 S77
|h Library of Congress classification
|i unmediated -- volume
|m A14805975215
|
| 998 |
f |
f |
|a HX260.5 A6 S77
|t 0
|l Remote Storage
|